Winners and losers in farming (Record no. 69808)

MARC details
000 -LEADER
fixed length control field 00963cam a2200217 4500
001 - CONTROL NUMBER
control field WB3811-33
008 - FIXED-LENGTH DATA ELEMENTS--GENERAL INFORMATION
fixed length control field 020319n2002 000 0 eng u
035 ## - SYSTEM CONTROL NUMBER
System control number (Sirsi) u117170
245 ## - TITLE STATEMENT
Title Winners and losers in farming
260 ## - PUBLICATION, DISTRIBUTION, ETC.
Date of publication, distribution, etc. 2002
490 ## - SERIES STATEMENT
Series statement Farmers' Weekly
Volume/sequential designation 15 March 2002, 20(1)
520 ## - SUMMARY, ETC.
Summary, etc. A government backed study under the UK Climate Impact Programme predicts that over the next 50 years climate change may increase arable incomes but leave dairy farming less competitive. The study took two possible scenarios for East Anglia and north west England to 2050, taking account of possible changes in temperature and rainfall as well as socio-economic factors such as CAP reform and trade liberalisation. http://ww.ukcip.org.uk
590 ## - LOCAL NOTE (RLIN)
Local note WB
650 ## - SUBJECT ADDED ENTRY--TOPICAL TERM
Topical term or geographic name entry element DAIRY FARMING
650 ## - SUBJECT ADDED ENTRY--TOPICAL TERM
Topical term or geographic name entry element ARABLE FARMING
650 ## - SUBJECT ADDED ENTRY--TOPICAL TERM
Topical term or geographic name entry element CLIMATE CHANGE
650 ## - SUBJECT ADDED ENTRY--TOPICAL TERM
Topical term or geographic name entry element FARMING INDUSTRY
650 ## - SUBJECT ADDED ENTRY--TOPICAL TERM
Topical term or geographic name entry element Environment
9 (RLIN) 6238
690 ## - LOCAL SUBJECT ADDED ENTRY--TOPICAL TERM (OCLC, RLIN)
Topical term or geographic name as entry element RURAL
9 (RLIN) 6268
942 ## - ADDED ENTRY ELEMENTS (KOHA)
Suppress in OPAC 0
Holdings
Withdrawn status Lost status Source of classification or shelving scheme Damaged status Not for loan Home library Current library Shelving location Date acquired Total Checkouts Full call number Barcode Date last seen Copy number Price effective from Koha item type
    Dewey Decimal Classification     London London News article 19/03/2002   WB3811-33 117170-1001 06/08/2019 1 06/08/2019 News article